000 00827nam a2200229 a 4500
001 40910
003 BD-RjUL
005 20211209053309.0
008 160512s1959 ii ||||| |||| 00| 0 ben d
020 _c: IRs 5.00
035 _a(BD-RjUL)41026
040 _aBD-RjUL
_bben
_cBD-RjUL
041 _aben
082 _223
_a891.443
_b CHA 1959
100 _aচট্রোপাধ্যায়, হরিনারায়ণ
_9125928
245 1 0 _aআরাকান /
_cহরিনারায়ণ চট্রোপাধ্যায়
260 _aকলিকাতা :
_bমিত্র ও ঘোষ,
_c১৯৫৯
300 _a[৮], ৩১৪ পৃ. ;
_c১৯ সেমি.
650 _aবাংলা উপন্যাস
_9125929
650 _aBengali Fiction
_9125930
942 _2ddc
_cBK
999 _c40910
_d40910